E31(広呉道)のIC - Statistics

General Stats
  • This quiz has been taken 29 times
  • The average score is 5 of 7
Answer Stats
広呉道 % Correct
IC
100%
PA
86%
IC 坂北
64%
IC 坂南
64%
JCT 仁保
59%
IC 天応西
55%
IC 天応東
55%
No matching quizzes found
Score Distribution
Percent of People with Each Score
Percentile by Number Answered
Your Score History
You have not taken this quiz